[Event "I Taça Litoral"]
[Site "S Martinho Porto POR"]
[Date "2018.09.18"]
[Round "6.22"]
[White "Fonseca, René Gil"]
[Black "Ferreira, Cristina"]
[Result "1-0"]
[WhiteElo "1392"]
[BlackElo "1134"]
[WhiteFideId "1957767"]
[BlackFideId "1963082"]
[WhiteCountry "POR"]
[BlackCountry "POR"]
[PlyCount "71"]

1. e4 e5 2. Nf3 d6 3. Bc4 Nf6 4. Nc3 Bg4 5. h3 Bd7 6. Ng5 Be6 7. Qe2 Qd7 8. Bxe6
fxe6 9. Qc4 d5 10. Qb5 Nc6 11. Qe2 g6 12. exd5 exd5 13. O-O Nd4 14. Qxe5+ Be7
15. Qxd4 Qc6 16. Re1 Qd6 17. d3 O-O-O 18. Nf7 Qd7 19. Nxh8 Rxh8 20. Qxa7 c6 21.
Bf4 Bd6 22. Bxd6 Qxd6 23. Re2 Qc7 24. Rae1 d4 25. Re7 Qb8 26. Qxd4 Rf8 27. Ne4
Nd5 28. Rxh7 Rd8 29. Qg7 Nf4 30. Ng5 Nxh3+ 31. Nxh3 b5 32. Re7 Qb6 33. Rc7+ Kb8
34. Rb7+ Ka8 35. Rxb6 Rb8 36. Ra6# 1-0

[Event "I Taça Litoral"]
[Site "S Martinho Porto POR"]
[Date "2018.09.20"]
[Round "7.1"]
[White "Sharma, Dinesh K"]
[Black "Ikkonikov, Vyacheslav"]
[Result "1/2-1/2"]
[WhiteElo "2276"]
[BlackElo "2551"]
[WhiteFideId "5004110"]
[BlackFideId "4100972"]
[WhiteTitle "IM"]
[BlackTitle "GM"]
[WhiteCountry "IND"]
[BlackCountry "RUS"]
[PlyCount "49"]

1. e4 c5 2. Nf3 Nc6 3. d4 cxd4 4. Nxd4 g6 5. c4 Nf6 6. Nc3 d6 7. Be2 Nxd4 8.
Qxd4 Bg7 9. Be3 O-O 10. Qd2 a5 11. O-O a4 12. f3 Qa5 13. Rac1 b6 14. Rfd1 Bd7
15. Nd5 Nxd5 16. exd5 Qxd2 17. Rxd2 Rfc8 18. Kf2 b5 19. c5 dxc5 20. Rxc5 b4 21.
Rxc8+ Rxc8 22. Bd4 a3 23. Bxg7 Kxg7 24. bxa3 bxa3 25. Rd3 1/2-1/2

[Event "I Taça Litoral"]
[Site "S Martinho Porto POR"]
[Date "2018.09.20"]
[Round "7.2"]
[White "Grigore, George-Gabriel"]
[Black "van Riemsdijk, Herman"]
[Result "1/2-1/2"]
[WhiteElo "2486"]
[BlackElo "2270"]
[WhiteFideId "1200186"]
[BlackFideId "2100053"]
[WhiteTitle "GM"]
[BlackTitle "IM"]
[WhiteCountry "ROU"]
[BlackCountry "BRA"]
[PlyCount "81"]

1. d4 Nf6 2. c4 e6 3. Nc3 Bb4 4. Qc2 O-O 5. a3 Bxc3+ 6. Qxc3 b5 7. cxb5 c6 8.
Bg5 cxb5 9. e3 Bb7 10. Nf3 h6 11. Bxf6 Qxf6 12. Be2 Rc8 13. Qd3 a6 14. O-O d6
15. a4 Bc6 16. Qa3 Qd8 17. axb5 axb5 18. Qb4 Na6 19. Qd2 Qb6 20. Rfc1 Bd5 21.
Ne1 Bc4 22. Bf3 Rab8 23. Qa5 Qxa5 24. Rxa5 Nb4 25. h3 Nd3 26. Nxd3 Bxd3 27. Rc6
d5 28. Rc5 Ra8 29. Ra3 Bc4 30. e4 b4 31. Rxa8 Rxa8 32. exd5 exd5 33. Bxd5 Bxd5
34. Rxd5 Ra1+ 35. Kh2 Rb1 36. Rd8+ Kh7 37. Rf8 Kg6 38. d5 Rxb2 39. d6 Rd2 40.
Rb8 Rxd6 41. Rxb4 1/2-1/2

[Event "I Taça Litoral"]
[Site "S Martinho Porto POR"]
[Date "2018.09.20"]
[Round "7.3"]
[White "Pitschka, Claus"]
[Black "Morais, Vítor"]
[Result "1-0"]
[WhiteElo "2262"]
[BlackElo "1893"]
[WhiteFideId "4617762"]
[BlackFideId "1900552"]
[WhiteTitle "FM"]
[BlackTitle "NM"]
[WhiteCountry "GER"]
[BlackCountry "POR"]
[PlyCount "145"]

1. d4 g6 2. e4 Bg7 3. Nc3 d6 4. Nf3 Bg4 5. Be3 Nd7 6. Be2 e5 7. h3 Bxf3 8. Bxf3
Ngf6 9. O-O O-O 10. g3 h6 11. Bg2 Kh7 12. f4 Nh5 13. Kh2 exf4 14. gxf4 Qh4 15.
Qg4 Qd8 16. e5 f5 17. Qe2 dxe5 18. dxe5 Nxe5 19. fxe5 Bxe5+ 20. Kg1 Ng3 21. Qf2
Nxf1 22. Rxf1 f4 23. Bc5 b6 24. Rd1 Qf6 25. Bxf8 Rxf8 26. Qf3 Rd8 27. Rxd8 Qxd8
28. Qd5 Qxd5 29. Nxd5 a5 30. b3 Kg7 31. Kf2 Kf7 32. Kf3 g5 33. Ke4 Ke6 34. Bf3
Bd6 35. Bg4+ Kf7 36. Kf5 Kg7 37. Bh5 b5 38. c3 c6 39. Nf6 Ba3 40. Be8 Bb2 41.
Bxc6 Bxc3 42. Ne8+ Kh7 43. Bxb5 f3 44. Nf6+ Kg7 45. Ne4 Be1 46. Kg4 f2 47. Kf3
Kg6 48. Nxf2 h5 49. Bd3+ Kf7 50. Ne4 g4+ 51. hxg4 hxg4+ 52. Kxg4 Ke6 53. Kf3 Kd5
54. Ke2 Bb4 55. Ke3 Be7 56. Bc4+ Kc6 57. a4 Kb6 58. Kd4 Bf8 59. Kd5 Bb4 60. Bb5
Be1 61. Nd6 Bb4 62. Nc4+ Kc7 63. Ke6 Be1 64. Ne3 Bd2 65. Nd5+ Kb7 66. Kd6 Be1
67. Bf1 Bf2 68. Bg2 Bg1 69. Ne3+ Kb6 70. Nc4+ Ka6 71. Kc6 Bd4 72. Bf1 Bc3 73.
Na3+ 1-0

[Event "I Taça Litoral"]
[Site "S Martinho Porto POR"]
[Date "2018.09.20"]
[Round "7.4"]
[White "Osianu, Tudor"]
[Black "Bous, Florian"]
[Result "1-0"]
[WhiteElo "1978"]
[BlackElo "2019"]
[WhiteFideId "1212486"]
[BlackFideId "4660412"]
[WhiteCountry "ROU"]
[BlackCountry "GER"]
[PlyCount "87"]

1. Nf3 Nf6 2. g3 d5 3. Bg2 e6 4. d3 Be7 5. c3 O-O 6. Nbd2 c5 7. O-O Nc6 8. Qc2
e5 9. e4 d4 10. Nc4 Qc7 11. a4 a6 12. Nh4 g6 13. f4 Nh5 14. Nf3 f6 15. Qe2 Bg4
16. f5 b5 17. axb5 axb5 18. Rxa8 Rxa8 19. Na3 Qb6 20. c4 b4 21. Nb5 Ra2 22. Qd2
Bf8 23. fxg6 hxg6 24. Qf2 Ne7 25. Nxe5 Be6 26. g4 Bg7 27. Nxg6 Nxg6 28. gxh5 Ne5
29. h6 Bh8 30. Bf4 Ng6 31. Qg3 Kh7 32. Bc7 Qa6 33. Bd8 Ra1 34. Nc7 Rxf1+ 35.
Bxf1 Qc6 36. Nxe6 Qxe6 37. Bh3 Qe5 38. Bf5 Qxg3+ 39. hxg3 Kxh6 40. Bxg6 Kxg6 41.
b3 f5 42. exf5+ Kxf5 43. Be7 Kg4 44. Kg2 1-0

[Event "I Taça Litoral"]
[Site "S Martinho Porto POR"]
[Date "2018.09.20"]
[Round "7.5"]
[White "Schmitz, Manuela"]
[Black "Schmitz, Andreas"]
[Result "1/2-1/2"]
[WhiteElo "1931"]
[BlackElo "2008"]
[WhiteFideId "4626001"]
[BlackFideId "4609875"]
[WhiteTitle "WFM"]
[BlackTitle "CM"]
[WhiteCountry "GER"]
[BlackCountry "GER"]
[PlyCount "22"]

1. d4 d5 2. Nf3 Nf6 3. Bf4 e6 4. e3 Bd6 5. Bxd6 Qxd6 6. c3 O-O 7. Bd3 b6 8. O-O
c5 9. Nbd2 cxd4 10. exd4 Ba6 11. Bxa6 Nxa6 1/2-1/2

[Event "I Taça Litoral"]
[Site "S Martinho Porto POR"]
[Date "2018.09.20"]
[Round "7.6"]
[White "Fernandes, Ricardo Paulos"]
[Black "Hart, Alexander"]
[Result "0-1"]
[WhiteElo "2160"]
[BlackElo "1901"]
[WhiteFideId "1943464"]
[BlackFideId "1735829"]
[WhiteCountry "POR"]
[BlackCountry "SWE"]
[PlyCount "50"]

1. b3 a5 2. Nc3 d5 3. e3 Nf6 4. Nf3 Bg4 5. Be2 Nbd7 6. O-O e5 7. d4 Bxf3 8. Bxf3
e4 9. Be2 c6 10. Na4 b5 11. Nb2 b4 12. c4 bxc3 13. Na4 Nb6 14. Nxc3 Bd6 15. f3
Qc7 16. Kh1 Bxh2 17. f4 Bg3 18. Ba3 h5 19. Qc2 Qd7 20. Rfc1 Rc8 21. Na4 Nxa4 22.
bxa4 Qd8 23. Ba6 Ng4 24. Qc3 Qh4+ 25. Kg1 Bh2+ 0-1

[Event "I Taça Litoral"]
[Site "S Martinho Porto POR"]
[Date "2018.09.20"]
[Round "7.7"]
[White "Grüttner, Ralf"]
[Black "Vonach, Bernard"]
[Result "1-0"]
[WhiteElo "2133"]
[BlackElo "1894"]
[WhiteFideId "4638158"]
[BlackFideId "4680243"]
[WhiteCountry "GER"]
[BlackCountry "GER"]
[PlyCount "59"]

1. e4 e5 2. Nf3 Nc6 3. Bc4 Nf6 4. d3 Be7 5. Nbd2 d6 6. c3 Na5 7. O-O Nxc4 8.
Nxc4 O-O 9. Re1 c5 10. Ne3 g6 11. Bd2 Re8 12. Nf1 Bf8 13. Ng3 Bg7 14. c4 a6 15.
h3 Kh8 16. a4 Ng8 17. Rb1 f5 18. exf5 gxf5 19. Ng5 Rf8 20. b4 Nf6 21. bxc5 h6
22. Nf3 e4 23. Nh4 Kh7 24. Nhxf5 dxc5 25. Nxg7 Kxg7 26. Bc3 Kh7 27. dxe4 Qxd1
28. Rexd1 b5 29. axb5 Be6 30. Rd5 1-0

[Event "I Taça Litoral"]
[Site "S Martinho Porto POR"]
[Date "2018.09.20"]
[Round "7.8"]
[White "Lochte, Thomas"]
[Black "Pais, Bruno"]
[Result "1-0"]
[WhiteElo "2071"]
[BlackElo "1817"]
[WhiteFideId "4606272"]
[BlackFideId "1911341"]
[WhiteCountry "GER"]
[BlackCountry "POR"]
[PlyCount "73"]

1. e4 c5 2. d4 cxd4 3. c3 Nf6 4. e5 Nd5 5. Qxd4 e6 6. Nf3 Nc6 7. Qe4 f5 8. exf6
Nxf6 9. Qh4 e5 10. Bb5 e4 11. Ng5 d5 12. O-O Bc5 13. c4 O-O 14. cxd5 Qxd5 15.
Nc3 Qf5 16. Bc4+ Kh8 17. Nf7+ Rxf7 18. Bxf7 Ng4 19. Be3 Be7 20. Qh5 Qe5 21. Qxe5
Ncxe5 22. Bd5 Nd3 23. Nxe4 Bf5 24. Ng3 Bd7 25. Bd4 Bd6 26. Rad1 Bb5 27. Bxg7+
Kxg7 28. Nf5+ Kf8 29. Nxd6 Nxb2 30. Nxb5 Nxd1 31. Rxd1 Rd8 32. Rd4 Nf6 33. Bxb7
Re8 34. g3 Re2 35. Ra4 h5 36. Bf3 Rb2 37. Nxa7 1-0

[Event "I Taça Litoral"]
[Site "S Martinho Porto POR"]
[Date "2018.09.20"]
[Round "7.9"]
[White "Sismeiro, Miguel"]
[Black "Oliveira, Tomás"]
[Result "1/2-1/2"]
[WhiteElo "2014"]
[BlackElo "1596"]
[WhiteFideId "1950975"]
[BlackFideId "1929216"]
[WhiteCountry "POR"]
[BlackCountry "POR"]
[PlyCount "128"]

1. e4 e6 2. d4 d5 3. Nc3 Nf6 4. e5 Nfd7 5. f4 c5 6. Nf3 Qb6 7. Na4 Qc6 8. c3 b6
9. Be3 Ba6 10. Bxa6 Nxa6 11. O-O b5 12. Nxc5 Naxc5 13. dxc5 Bxc5 14. Nd4 Bxd4
15. Qxd4 Qc4 16. Qd2 Qc6 17. Bd4 g6 18. Rf3 a6 19. Qf2 O-O-O 20. b3 Kb7 21. Rd3
Rc8 22. Rh3 h5 23. Qh4 Rhd8 24. g4 hxg4 25. Qxg4 Nc5 26. Rh7 Rc7 27. Qh4 Ne4 28.
Rc1 Rdc8 29. Qe1 g5 30. Qe3 gxf4 31. Qxf4 Qe8 32. Rh3 Qg8+ 33. Kh1 Qg5 34. Qxg5
Nxg5 35. Rd3 Ne4 36. Rf1 Nxc3 37. Bxc3 Rxc3 38. Rxc3 Rxc3 39. Rxf7+ Kc8 40. Re7
Rc6 41. h4 Kd8 42. Rf7 Ke8 43. Rf2 Rc3 44. Kg2 Re3 45. Kh2 Rxe5 46. Kg3 d4 47.
Rd2 Re4 48. Rf2 Re5 49. Rd2 Re3+ 50. Kf4 e5+ 51. Kf5 Kf7 52. Rc2 d3 53. Rc7+ Kg8
54. Rd7 e4 55. h5 Re2 56. Kg6 Rg2+ 57. Kf5 d2 58. Kxe4 Re2+ 59. Kf3 Rh2 60. Ke3
d1=Q 61. Rxd1 Rxa2 62. Kd4 a5 63. Kc5 Rb2 64. Kxb5 Rxb3+ 1/2-1/2

[Event "I Taça Litoral"]
[Site "S Martinho Porto POR"]
[Date "2018.09.20"]
[Round "7.10"]
[White "Selkirk, Rebecca"]
[Black "Lopez De Turiso, José Angel"]
[Result "1-0"]
[WhiteElo "1733"]
[BlackElo "1942"]
[WhiteFideId "14306514"]
[BlackFideId "2207680"]
[WhiteCountry "RSA"]
[BlackCountry "ESP"]
[PlyCount "53"]

1. e4 e6 2. d4 d5 3. Nc3 dxe4 4. Nxe4 Nd7 5. Nf3 Ngf6 6. Nxf6+ Nxf6 7. Bd3 c5 8.
Be3 Nd5 9. O-O Nxe3 10. fxe3 Bd6 11. dxc5 Bc7 12. Bb5+ Bd7 13. Bxd7+ Qxd7 14.
Qxd7+ Kxd7 15. Rad1+ Ke7 16. b4 Rhc8 17. Kf2 b6 18. c6 Bd6 19. b5 a6 20. a4 axb5
21. axb5 Ra2 22. Rd2 Bb4 23. c3 Rxd2+ 24. Nxd2 Bxc3 25. Nc4 Rd8 26. Rc1 Bd2 27.
Rd1 1-0

[Event "I Taça Litoral"]
[Site "S Martinho Porto POR"]
[Date "2018.09.20"]
[Round "7.11"]
[White "Castanheira, António"]
[Black "Basílio, Rodrigo"]
[Result "1-0"]
[WhiteElo "1905"]
[BlackElo "1669"]
[WhiteFideId "1901788"]
[BlackFideId "1941380"]
[WhiteCountry "POR"]
[BlackCountry "POR"]
[PlyCount "97"]

1. c4 Nf6 2. Nc3 g6 3. g3 Bg7 4. Bg2 O-O 5. e4 d6 6. Nge2 Nc6 7. O-O Ne8 8. d4
e5 9. Be3 f6 10. d5 Ne7 11. c5 h6 12. Qd2 g5 13. Rac1 f5 14. exf5 Bxf5 15. Ne4
Kh8 16. Rc4 Ng8 17. cxd6 cxd6 18. Rfc1 Ngf6 19. Nxf6 Rxf6 20. g4 Bd7 21. Ng3 Bf8
22. h3 Rf7 23. Be4 Rg7 24. Qc2 a6 25. Bf5 Kg8 26. Be6+ Bxe6 27. dxe6 d5 28. Nf5
dxc4 29. Nxh6+ Kh8 30. Nf7+ Rxf7 31. exf7 Ng7 32. Qg6 Qd6 33. Qxg5 Be7 34. Qh6+
Qxh6 35. Bxh6 b5 36. Rd1 Rf8 37. Rd7 Kh7 38. Bxg7 Rxf7 39. Bxe5 Kg8 40. a3 Kf8
41. Bd6 Bxd6 42. Rxd6 Ra7 43. Kg2 Ke7 44. Rh6 Ra8 45. h4 Kf7 46. Kg3 Kg7 47. Rb6
Rd8 48. h5 Rd2 49. g5 1-0

[Event "I Taça Litoral"]
[Site "S Martinho Porto POR"]
[Date "2018.09.20"]
[Round "7.12"]
[White "Krüger, Till"]
[Black "Simões, Miguel"]
[Result "0-1"]
[WhiteElo "1948"]
[BlackElo "1805"]
[WhiteFideId "24647705"]
[BlackFideId "1946307"]
[WhiteCountry "GER"]
[BlackCountry "POR"]
[PlyCount "82"]

1. e4 e5 2. Nf3 Nc6 3. Nc3 Nf6 4. d4 Bb4 5. Nxe5 Qe7 6. Qd3 Nxe5 7. dxe5 Qxe5 8.
Bd2 O-O 9. O-O-O Bxc3 10. Bxc3 Qxe4 11. Qg3 Qc6 12. Bd3 d5 13. Qh4 h6 14. f3 Qd6
15. g4 d4 16. Bxd4 Qf4+ 17. Kb1 Be6 18. Qf2 Bd5 19. Rhg1 Rfe8 20. Rg3 Rad8 21.
g5 hxg5 22. Rdg1 Qxd4 23. Qxd4 Bxa2+ 24. Kxa2 Rxd4 25. Rxg5 g6 26. b3 Rf4 27.
Bc4 Kg7 28. R5g3 Re3 29. Rf1 a6 30. Bd3 Nd5 31. Kb2 Nb4 32. Kc3 Nxd3 33. cxd3
Re2 34. Rh3 c5 35. Rc1 b5 36. Rc2 Re3 37. Ra2 Rf6 38. Kd2 Rfe6 39. Rxa6 Re2+ 40.
Kd1 Re1+ 41. Kd2 R6e2+ 0-1

[Event "I Taça Litoral"]
[Site "S Martinho Porto POR"]
[Date "2018.09.20"]
[Round "7.13"]
[White "February, Jesse"]
[Black "Kievelitz, Bernd"]
[Result "1-0"]
[WhiteElo "1933"]
[BlackElo "1842"]
[WhiteFideId "14312336"]
[BlackFideId "4602544"]
[WhiteTitle "WIM"]
[WhiteCountry "RSA"]
[BlackCountry "GER"]
[PlyCount "71"]

1. e4 c5 2. Nc3 a6 3. f4 b5 4. g3 Bb7 5. Bg2 e6 6. d3 Nf6 7. Nf3 d5 8. e5 d4 9.
Ne2 Nd5 10. O-O Be7 11. h3 Nc6 12. c3 dxc3 13. bxc3 O-O 14. g4 c4 15. f5 cxd3
16. Qxd3 Bc5+ 17. Kh1 Ne3 18. Qe4 Na5 19. Qf4 Nxf1 20. f6 Qd3 21. fxg7 Rfd8 22.
Ned4 Bxd4 23. cxd4 Qe4 24. Qf6 Rxd4 25. Bh6 Ne3 26. Re1 Qc2 27. Bxe3 Rd1 28.
Rxd1 Qxd1+ 29. Kh2 Qe2 30. Bb6 Nc4 31. Kg3 Nxb6 32. Ng5 Qd3+ 33. Kh4 Qg6 34.
Bxb7 Qxf6 35. exf6 Rb8 36. Be4 1-0

[Event "I Taça Litoral"]
[Site "S Martinho Porto POR"]
[Date "2018.09.20"]
[Round "7.14"]
[White "Haase, Georg"]
[Black "Nielsen, Jørgen"]
[Result "0-1"]
[WhiteElo "1946"]
[BlackElo "1670"]
[WhiteFideId "12998265"]
[BlackFideId "1413279"]
[WhiteCountry "GER"]
[BlackCountry "DEN"]
[PlyCount "102"]

1. e4 c5 2. c3 e6 3. d4 cxd4 4. cxd4 d5 5. e5 Bb4+ 6. Bd2 Qa5 7. Nc3 Ne7 8. a3
Bxc3 9. Bxc3 Qd8 10. Nf3 O-O 11. Bd3 h6 12. O-O b6 13. b4 f6 14. Rc1 Nd7 15. Re1
fxe5 16. Nxe5 Nxe5 17. Rxe5 Bd7 18. Bb1 Qe8 19. Qd3 Rf5 20. Rce1 Bb5 21. Qg3
Rxe5 22. Qxe5 Bd7 23. b5 Rc8 24. Bb4 Qf7 25. a4 Ng6 26. Qd6 Nh4 27. Bd3 e5 28.
Qxe5 Re8 29. Qg3 Rxe1+ 30. Bxe1 Qe8 31. Bb4 Bf5 32. Bxf5 Nxf5 33. Qe5 Qc8 34.
Qxd5+ Kh8 35. g3 Qc1+ 36. Kg2 Qc2 37. Qf3 Nxd4 38. Qe3 Nf5 39. Qe5 Qd3 40. Bc3
Qd7 41. Qe4 Qf7 42. Qf4 Qd5+ 43. Kh3 Qd7 44. Kg2 Nd6 45. Qxh6+ Kg8 46. Qf4 Nf7
47. Qd4 Qb7+ 48. Kg1 Nh6 49. h4 Qc7 50. Qe5 Qd7 51. Kh2 Ng4+ 0-1

[Event "I Taça Litoral"]
[Site "S Martinho Porto POR"]
[Date "2018.09.20"]
[Round "7.15"]
[White "Sperber, Ulrich"]
[Black "Dong, Rafael"]
[Result "1-0"]
[WhiteElo "1838"]
[BlackElo "1303"]
[WhiteFideId "24697125"]
[BlackFideId "1958038"]
[WhiteCountry "GER"]
[BlackCountry "POR"]
[PlyCount "127"]

1. e4 c5 2. d4 cxd4 3. c3 dxc3 4. Nxc3 e6 5. Bc4 Nc6 6. Nf3 Qc7 7. Qe2 Nf6 8.
O-O a6 9. Rd1 b5 10. Bb3 Bb7 11. Be3 Be7 12. Rac1 O-O 13. Nd5 Nxd5 14. exd5 Rac8
15. dxc6 Bxc6 16. Nd4 Qb7 17. Nxc6 Rxc6 18. Rxc6 Qxc6 19. Rc1 Qb7 20. Qc2 Bf6
21. Qc7 Qxc7 22. Rxc7 d5 23. Bc1 g6 24. h3 Be5 25. Rc6 Ra8 26. Bd1 Ra7 27. b3
Rc7 28. Rxc7 Bxc7 29. Kf1 Kf8 30. Ke2 Ke7 31. Kd3 Kd7 32. f4 Kc6 33. Bf3 Bd6 34.
g4 Bc7 35. h4 f6 36. h5 e5 37. fxe5 fxe5 38. Bd1 e4+ 39. Ke3 g5 40. Ba3 Bb6+ 41.
Ke2 Bc5 42. Bxc5 Kxc5 43. Ke3 h6 44. a4 Kb4 45. Kd4 e3 46. axb5 axb5 47. Kxe3
Kc3 48. b4 d4+ 49. Ke4 Kd2 50. Kxd4 Kxd1 51. Kc5 Ke2 52. Kxb5 Kf3 53. Kc4 Kxg4
54. b5 Kxh5 55. b6 Kg4 56. b7 h5 57. Kd4 h4 58. Ke3 Kh3 59. b8=Q g4 60. Qc8 Kg3
61. Qc2 Kh3 62. Qf5 Kg3 63. Ke2 Kh3 64. Kf2 1-0

[Event "I Taça Litoral"]
[Site "S Martinho Porto POR"]
[Date "2018.09.20"]
[Round "7.16"]
[White "Oster, Jean-Marie"]
[Black "Hielscher, Ursula"]
[Result "1/2-1/2"]
[WhiteElo "1479"]
[BlackElo "1771"]
[WhiteFideId "638013"]
[BlackFideId "4658965"]
[WhiteCountry "FRA"]
[BlackCountry "GER"]
[PlyCount "87"]

1. Nf3 d5 2. c4 c6 3. e3 Nf6 4. d4 e6 5. Nc3 Bb4 6. a3 Ba5 7. b4 Bc7 8. Bb2 O-O
9. cxd5 exd5 10. g3 Bg4 11. Bg2 Qc8 12. Rc1 Ne4 13. h3 Bh5 14. Qc2 Nf6 15. Nd2
Bg6 16. Qd1 Re8 17. O-O Qe6 18. Kh2 Nh5 19. Qg4 Na6 20. b5 cxb5 21. Qxe6 Rxe6
22. Bxd5 Rb6 23. Bg2 Nf6 24. Nde4 Bxe4 25. Nxe4 Nxe4 26. Bxe4 Re8 27. Bg2 b4 28.
axb4 Rxb4 29. Ba3 Rb3 30. Ra1 Rb8 31. Rfc1 Bd8 32. Bc5 Nxc5 33. Rxc5 g6 34. Bd5
Rb2 35. Kg2 b5 36. Rc6 a5 37. Ra6 a4 38. Ra7 Bg5 39. Kf3 Rf8 40. Ra5 Be7 41. Ra7
Bb4 42. Ra2 Rb1 43. Ke4 a3 44. Kd3 1/2-1/2

[Event "I Taça Litoral"]
[Site "S Martinho Porto POR"]
[Date "2018.09.20"]
[Round "7.17"]
[White "Oliveira, Fernando Alves"]
[Black "Schleime, Franz-Joseph"]
[Result "0-1"]
[WhiteElo "1586"]
[BlackElo "1696"]
[WhiteFideId "1947869"]
[BlackFideId "24641740"]
[WhiteCountry "POR"]
[BlackCountry "GER"]
[PlyCount "138"]

1. d4 Nf6 2. Bf4 g6 3. Nf3 Bg7 4. e3 d6 5. h3 O-O 6. Be2 Nbd7 7. Nbd2 c5 8. c3
b6 9. O-O Bb7 10. Qb3 Nh5 11. Bh2 e5 12. dxe5 dxe5 13. Rad1 e4 14. Ne1 Nhf6 15.
Nc2 Qc8 16. Bc4 Ne8 17. Bd5 Bxd5 18. Qxd5 Nef6 19. Qb3 Re8 20. Nc4 Bf8 21. N2a3
Qc6 22. Nb5 Nd5 23. Rxd5 Qxd5 24. Nc7 Qc6 25. Nxa8 Rxa8 26. Rd1 Re8 27. Nd6 Bxd6
28. Rxd6 Qb7 29. Qd1 Nf8 30. h4 Qe7 31. h5 Qg5 32. Rd5 Qe7 33. h6 Ne6 34. Rd7
Rd8 35. Rd6 Rxd6 36. Bxd6 Qd7 37. Qd5 f6 38. Qa8+ Qd8 39. Qxd8+ Nxd8 40. Be7 Nf7
41. Bxf6 Nxh6 42. f3 exf3 43. gxf3 Nf5 44. e4 Ne3 45. b3 Kf7 46. Bg5 Nd1 47. Bd2
Nb2 48. Kg2 c4 49. Kg3 b5 50. Kf4 Nd3+ 51. Kg5 Ne5 52. Kf4 Ke6 53. Ke3 Nd3 54.
bxc4 bxc4 55. Kd4 Ne5 56. Ke3 h5 57. Kf2 Nd3+ 58. Kg3 Ke5 59. Be3 a6 60. Bd4+
Ke6 61. a4 Nc1 62. Kf2 Nd3+ 63. Ke3 h4 64. Ba7 g5 65. Bb8 Nc5 66. Kd4 Nxa4 67.
Kxc4 Nb6+ 68. Kb4 Nd7 69. Bh2 Ne5 0-1

[Event "I Taça Litoral"]
[Site "S Martinho Porto POR"]
[Date "2018.09.20"]
[Round "7.18"]
[White "Fernandes, Martim Bernardo"]
[Black "Amato, Giampiero"]
[Result "0-1"]
[WhiteElo "1092"]
[BlackElo "2031"]
[WhiteFideId "1960547"]
[BlackFideId "813303"]
[WhiteCountry "POR"]
[BlackCountry "ITA"]
[PlyCount "60"]

1. e4 e5 2. Nf3 Nf6 3. d4 Nxe4 4. dxe5 Bc5 5. Be3 Bxe3 6. fxe3 d5 7. exd6 Nxd6
8. Bd3 Bg4 9. O-O Nc6 10. Nc3 Qd7 11. Nb5 O-O-O 12. Nxd6+ Qxd6 13. Bb5 Qc5 14.
Qe2 Ne5 15. Ba4 Nc4 16. c3 Nxe3 17. Rfc1 Nc2+ 18. Qf2 Qxf2+ 19. Kxf2 Nxa1 20.
Rxa1 Bxf3 21. Kxf3 Rd2 22. Rb1 Rhd8 23. Bb5 Rd1 24. Rxd1 Rxd1 25. Bc4 f6 26. h4
Rd2 27. g4 Rxb2 28. Bd3 h6 29. h5 Rxa2 30. Kf4 Kd8 0-1

[Event "I Taça Litoral"]
[Site "S Martinho Porto POR"]
[Date "2018.09.20"]
[Round "7.19"]
[White "Heil, Rudolf"]
[Black "Fonseca, René Gil"]
[Result "1-0"]
[WhiteElo "1737"]
[BlackElo "1392"]
[WhiteFideId "1271132"]
[BlackFideId "1957767"]
[WhiteCountry "GER"]
[BlackCountry "POR"]
[PlyCount "95"]

1. c4 e6 2. g3 f5 3. Bg2 Nf6 4. Nf3 g6 5. b3 Bg7 6. Bb2 O-O 7. Nc3 Ne4 8. Qc2
Nxc3 9. Bxc3 Bxc3 10. Qxc3 Qf6 11. Qxf6 Rxf6 12. h4 Nc6 13. h5 Nb4 14. O-O-O
Nxa2+ 15. Kb2 Nb4 16. hxg6 hxg6 17. Rh6 Kg7 18. Rdh1 Kf8 19. Ne5 Ke7 20. c5 a5
21. Rh7+ Ke8 22. Rg7 a4 23. Nxg6 a3+ 24. Kc1 Rf8 25. Nxf8 a2 26. Kb2 Kxf8 27.
Rgh7 a1=Q+ 28. Rxa1 Rxa1 29. Kxa1 Kg8 30. Rh4 Na6 31. b4 d5 32. cxd6 cxd6 33.
Rc4 Bd7 34. e3 b5 35. Rh4 e5 36. Rh6 Nxb4 37. Rxd6 Be8 38. Re6 Bf7 39. Rxe5 Nc2+
40. Kb1 Na3+ 41. Kc1 b4 42. Bd5 b3 43. Re8+ Kg7 44. Bxf7 Kxf7 45. Rb8 Nc2 46.
Rxb3 Na1 47. Kb2 Nxb3 48. Kxb3 1-0

[Event "I Taça Litoral"]
[Site "S Martinho Porto POR"]
[Date "2018.09.20"]
[Round "7.20"]
[White "Dias, José"]
[Black "Müller, Dieter"]
[Result "1-0"]
[WhiteElo "1622"]
[BlackElo "1632"]
[WhiteFideId "1923943"]
[BlackFideId "24699640"]
[WhiteCountry "POR"]
[BlackCountry "GER"]
[PlyCount "123"]

1. d4 d6 2. Bf4 Nf6 3. e3 g6 4. Be2 Bg7 5. h3 O-O 6. Nf3 c5 7. c3 cxd4 8. exd4
Qb6 9. Qc1 Re8 10. O-O Nc6 11. Na3 Qc7 12. Re1 Bd7 13. Bh6 Bh8 14. Bc4 a6 15.
Ng5 d5 16. Bd3 e5 17. dxe5 Nxe5 18. Bf1 b5 19. Nc2 Nc6 20. Qd2 Rxe1 21. Rxe1 Re8
22. Rd1 Ne7 23. Nd4 Nc6 24. Ngf3 Ne4 25. Qc1 Qb6 26. Be3 Nxd4 27. Nxd4 Qb7 28.
a3 f5 29. Be2 Qc7 30. Bf3 Be5 31. Bxe4 dxe4 32. Ne2 Be6 33. Bf4 Bxf4 34. Qxf4
Qc4 35. Nd4 Bd5 36. h4 Qa2 37. Qd2 Qc4 38. Nxf5 gxf5 39. Qxd5+ Qxd5 40. Rxd5 f4
41. Kf1 Re7 42. Rd6 Ra7 43. Re6 f3 44. Rxe4 fxg2+ 45. Kxg2 Rd7 46. Rd4 Re7 47.
Kf3 Re1 48. Rb4 Kf7 49. a4 bxa4 50. Rxa4 Re6 51. h5 Rf6+ 52. Rf4 Rxf4+ 53. Kxf4
Kf6 54. b4 h6 55. c4 Ke6 56. Ke4 Kd6 57. f4 Ke6 58. c5 Kd7 59. Kd5 Kc7 60. f5
Kd7 61. f6 Ke8 62. Ke6 1-0

[Event "I Taça Litoral"]
[Site "S Martinho Porto POR"]
[Date "2018.09.20"]
[Round "7.22"]
[White "Ferreira, Cristina"]
[Black "Dong, Fábio"]
[Result "0-1"]
[WhiteElo "1134"]
[BlackElo "1289"]
[WhiteFideId "1963082"]
[BlackFideId "1958020"]
[WhiteCountry "POR"]
[BlackCountry "POR"]
[PlyCount "92"]

1. d4 Nf6 2. Nf3 e6 3. Bg5 d5 4. e3 Be7 5. Bb5+ Bd7 6. Bxd7+ Nbxd7 7. O-O O-O 8.
Nc3 c5 9. Nb5 a6 10. Na3 h6 11. Bh4 cxd4 12. exd4 Bxa3 13. Bxf6 Nxf6 14. bxa3
Qc7 15. Qd3 Rac8 16. Rac1 Qc3 17. Ne1 Qxd3 18. Nxd3 Rc3 19. Rfd1 Rxa3 20. Ra1
Rc8 21. Nb4 a5 22. Rd3 axb4 23. Rb3 Rxb3 24. cxb3 Rc2 25. h3 Rd2 26. g4 Rxd4 27.
f3 Rd2 28. a3 bxa3 29. Rxa3 Rb2 30. Ra8+ Kh7 31. Rf8 Rxb3 32. Rxf7 Rxf3 33. g5
b6 34. Kg2 Rf5 35. g6+ Kxg6 36. Re7 e5 37. Kg3 e4 38. h4 h5 39. Rc7 d4 40. Rc6
d3 41. Rd6 b5 42. Rd4 b4 43. Rxb4 d2 44. Rd4 e3 45. Kg2 e2 46. Rxd2 e1=Q 0-1

[Event "I Taça Litoral"]
[Site "S Martinho Porto POR"]
[Date "2018.09.21"]
[Round "8.1"]
[White "Ikkonikov, Vyacheslav"]
[Black "Osianu, Tudor"]
[Result "1-0"]
[WhiteElo "2551"]
[BlackElo "1978"]
[WhiteFideId "4100972"]
[BlackFideId "1212486"]
[WhiteTitle "GM"]
[WhiteCountry "RUS"]
[BlackCountry "ROU"]
[PlyCount "59"]

1. d4 g6 2. c4 Bg7 3. Nf3 d6 4. e4 Nd7 5. Nc3 c6 6. Be2 Qc7 7. Be3 e5 8. d5 Ngf6
9. Nd2 a5 10. a3 Nc5 11. O-O O-O 12. Rb1 Re8 13. b4 axb4 14. axb4 Nfxe4 15.
Ndxe4 Nxe4 16. Nxe4 f5 17. Nc3 f4 18. Bd2 Bf5 19. Rb3 g5 20. f3 h5 21. Be1 Qe7
22. Bd3 e4 23. Bxe4 Bxe4 24. Nxe4 Ra1 25. Rb1 Rea8 26. Rxa1 Rxa1 27. Qd3 Ra2 28.
c5 Qe5 29. dxc6 Qb2 30. Bf2 1-0